000 00508nam a2200169Ia 4500
999 _c19857
_d19857
003 OSt
005 20200606112255.0
008 190216s9999||||xx |||||||||||||| ||und||
020 _a333904044
040 _coclc
082 _a327.11
_bCHA/T
100 _aChakrabarti, Radharaman
_92583
245 0 _aTheory And Practice Of International Politics /
_cRadharaman Chakrabarti
260 _bMacmillan,
_c1982.
_aDelhi;
300 _a240p
942 _cBK
_2ddc
_h327.11
_iCHA/T
_k327.11
_mCHA/T